[Event "Blagny op 6th"]
[Site "Blagny"]
[Date "2014.01.05"]
[Round "5"]
[White "Recloux, Georges"]
[Black "Jupin, Remi"]
[Result "1/2-1/2"]
[WhiteElo "1562"]
[BlackElo "1520"]
[PlyCount "135"]
[EventDate "2014.??.??"]
[EventType "swiss"]
[EventRounds "6"]
[EventCountry "FRA"]
[SourceTitle "EXT 2015"]
[Source "ChessBase"]
[SourceDate "2014.11.20"]
[SourceVersion "1"]
[SourceVersionDate "2014.11.20"]
[SourceQuality "1"]

1. e4 e6 2. d4 d5 3. Nc3 Nf6 4. Bg5 dxe4 5. Nxe4 Be7 6. Bd3 Nxe4 7. Bxe7 Nxf2 8. Bxd8 Nxd1 9. Bxc7 Nxb2 10. Be4 Nc6 11. Bd6 Nc4 12. Bxc6+ bxc6 13. Bf4 0-0 14. Nf3 Bb7 15. 0-0 Rac8 16. Rab1 Nb6 17. Bd6 Rfd8 18. Bc5 Ba6 19. Rf2 Bb5 20. Ng5 Rd7 21. Ne4 Rcd8 22. c3 Bd3 23. Re1 Rd5 24. Rd2 Bxe4 25. Rxe4 e5 26. Rde2 Na4 27. Rxe5 Rxe5 28. Rxe5 Nxc3 29. a3 f6 30. Re3 Nb5 31. Rd3 Kf7 32. Re3 Rd7 33. Kf2 Rd5 34. Re7+ Kg6 35. Ke3 Rh5 36. h3 Rg5 37. g4 h5 38. Kf4 hxg4 39. hxg4 Rd5 40. Ke3 Rg5 41. a4 Nc3 42. Rxa7 Rxg4 43. a5 f5 44. Kf3 Nb5 45. Rd7 Kf6 46. a6 Ke6 47. Re7+ Kd5 48. a7 Nxa7 49. Bxa7 g6 50. Rd7+ Kc4 51. Rf7 Kd5 52. Rf6 Rg1 53. Kf2 Rg4 54. Kf3 Rg1 55. Rf8 Kc4 56. Rf6 Kd5 57. Rf8 Kc4 58. Kf4 Rg4+ 59. Kf3 Rg1 60. Rc8 Kd5 61. Rd8+ Kc4 62. d5 Ra1 63. dxc6 Rxa7 64. Rd7 Ra6 65. c7 Rc6 66. Rd1 Kb5 67. Rg1 Rxc7 68. Rxg6 1/2-1/2

[Event "Blagny op 6th"]
[Site "Blagny"]
[Date "2014.01.03"]
[Round "3"]
[White "Jupin, Remi"]
[Black "Audino, Marco"]
[Result "0-1"]
[WhiteElo "1520"]
[BlackElo "1499"]
[PlyCount "66"]
[EventDate "2014.??.??"]
[EventType "swiss"]
[EventRounds "6"]
[EventCountry "FRA"]
[SourceTitle "EXT 2015"]
[Source "ChessBase"]
[SourceDate "2014.11.20"]
[SourceVersion "1"]
[SourceVersionDate "2014.11.20"]
[SourceQuality "1"]

1. d4 Nf6 2. c4 e6 3. Nf3 Bb4+ 4. Nc3 c5 5. Qc2 d5 6. a3 Bxc3+ 7. Qxc3 Ne4 8. Qc2 0-0 9. e3 cxd4 10. exd4 a5 11. cxd5 exd5 12. Bd3 Re8 13. 0-0 Nc6 14. Re1 Bg4 15. Be3 Bxf3 16. gxf3 Nf6 17. Qc3 Rc8 18. Bf4 Ne5 19. Bxe5 Rxc3 20. bxc3 Nd7 21. f4 f6 22. Bd6 Kf7 23. Rxe8 Qxe8 24. Rb1 b6 25. Bb5 Qe6 26. Bc7 Ke7 27. Bxd7 Kxd7 28. Bxb6 Qg4+ 29. Kf1 Qh3+ 30. Kg1 Qxc3 31. Rb5 Qe1+ 32. Kg2 Qe4+ 33. Kg3 Qd3+ 0-1

[Event "Blagny op 6th"]
[Site "Blagny"]
[Date "2014.01.01"]
[Round "1"]
[White "Jupin, Remi"]
[Black "Schweitzer, Marc"]
[Result "0-1"]
[WhiteElo "1520"]
[BlackElo "1943"]
[PlyCount "54"]
[EventDate "2014.??.??"]
[EventType "swiss"]
[EventRounds "6"]
[EventCountry "FRA"]
[SourceTitle "EXT 2015"]
[Source "ChessBase"]
[SourceDate "2014.11.20"]
[SourceVersion "1"]
[SourceVersionDate "2014.11.20"]
[SourceQuality "1"]

1. d4 Nf6 2. c4 e6 3. Nf3 d5 4. g3 Be7 5. cxd5 exd5 6. Bg2 0-0 7. 0-0 c6 8. Nc3 h6 9. Qc2 Be6 10. Bf4 Nbd7 11. Rfe1 Nb6 12. Rad1 Nc4 13. Nd2 Nxd2 14. Bxd2 Qd7 15. f3 Bf5 16. e4 dxe4 17. fxe4 Bg4 18. Ne2 Bxe2 19. Rxe2 Qxd4+ 20. Be3 Qe5 21. Red2 Qe6 22. b3 Ng4 23. Bf4 Ne5 24. Bxe5 Qxe5 25. Rd7 Rab8 26. Qd2 Rfd8 27. Qd4 Bc5 0-1